[Event "Velika Gorica op 7th"]
[Site "Velika Gorica"]
[Date "2007.08.18"]
[Round "1"]
[White "Brumen, Dinko"]
[Black "Babic, Bozidar"]
[Result "1-0"]
[WhiteElo "2390"]
[BlackElo "2012"]
[PlyCount "59"]
[EventDate "2007.08.18"]
[EventType "swiss"]
[EventRounds "9"]
[EventCountry "CRO"]
[SourceTitle "CBM 120 Extra"]
[Source "ChessBase"]
[SourceDate "2007.11.01"]
[SourceVersion "1"]
[SourceVersionDate "2007.11.01"]
[SourceQuality "1"]

1. c4 Nf6 2. Nc3 e5 3. g3 d5 4. cxd5 Nxd5 5. Bg2 c6 6. Nf3 Nxc3 7. bxc3 Bd6 8. 0-0 0-0 9. d4 exd4 10. cxd4 Bg4 11. e4 Nd7 12. Qc2 Re8 13. e5 Be7 14. Rb1 Nb6 15. Be3 h6 16. a4 Qd7 17. Nd2 Nd5 18. a5 Rab8 19. Rfc1 Rec8 20. Ne4 b6 21. Qd2 Nxe3 22. fxe3 Be6 23. Nf2 Bd5 24. e4 Be6 25. Rd1 bxa5 26. Rxb8 Rxb8 27. d5 cxd5 28. exd5 Bb4 29. Qf4 Bf5 30. e6 1-0

[Event "Zagreb op"]
[Site "Zagreb"]
[Date "2007.03.20"]
[Round "4"]
[White "Babic, Bozidar"]
[Black "Matic, Zeljko"]
[Result "0-1"]
[WhiteElo "2013"]
[BlackElo "2224"]
[PlyCount "82"]
[EventDate "2007.03.17"]
[EventType "swiss"]
[EventRounds "9"]
[EventCountry "CRO"]
[SourceTitle "CBM 117 Extra"]
[Source "ChessBase"]
[SourceDate "2007.05.09"]
[SourceVersion "1"]
[SourceVersionDate "2007.05.09"]
[SourceQuality "1"]

1. e4 c5 2. Nf3 a6 3. d4 cxd4 4. Nxd4 Nf6 5. Bd3 d6 6. 0-0 g6 7. c3 Bg7 8. h3 0-0 9. Nd2 Nbd7 10. Re1 Qc7 11. Ne2 b6 12. Ng3 Bb7 13. Qe2 Rfe8 14. f4 e5 15. f5 Nc5 16. Bc2 d5 17. fxg6 hxg6 18. exd5 Nxd5 19. Nde4 Nf4 20. Qf1 Nce6 21. Ne2 f5 22. Nxf4 exf4 23. Nd2 Nd4 24. Bd1 f3 25. Nxf3 Nxf3+ 26. Bxf3 Bxf3 27. Rxe8+ Rxe8 28. Qxf3 Qc5+ 29. Kf1 Qb5+ 30. Kf2 f4 31. Rb1 Qf5 32. Ra1 Qc2+ 33. Kf1 g5 34. Qd5+ Kh8 35. Bd2 Qxb2 36. Rc1 Rf8 37. Qb3 Qxd2 38. Rd1 Qxc3 39. Qxb6 f3 40. Qd6 fxg2+ 41. Kg1 Qxh3 0-1

[Event "Velika Gorica op 5th"]
[Site "Velika Gorica"]
[Date "2005.08.23"]
[Round "5"]
[White "Babic, Bozidar"]
[Black "Pandurevic, Miro"]
[Result "1-0"]
[WhiteElo "2011"]
[BlackElo "2253"]
[PlyCount "62"]
[EventDate "2005.08.20"]
[EventType "swiss"]
[EventRounds "9"]
[EventCountry "CRO"]
[SourceTitle "CBM 108 Extra"]
[Source "ChessBase"]
[SourceDate "2005.11.04"]
[SourceVersion "1"]
[SourceVersionDate "2005.11.04"]
[SourceQuality "1"]

1. d4 Nf6 2. c4 d6 3. Nc3 Bf5 4. f3 e5 5. dxe5 dxe5 6. Qxd8+ Kxd8 7. e4 Be6 8. Bg5 Nbd7 9. 0-0-0 c6 10. f4 exf4 11. Bxf4 Ng4 12. Nh3 Bc5 13. Re1 f6 14. b3 g5 15. Bd2 Kc7 16. Nd1 Nde5 17. Bc3 Rhd8 18. Kc2 Rd7 19. Be2 Rad8 20. Rhf1 Nd3 21. Bxd3 Rxd3 22. Rf3 R3d7 23. Nhf2 Bd4 24. h3 Nxf2 25. Nxf2 b5 26. cxb5 cxb5 27. Bxd4 Rxd4 28. Rxf6 Rd2+ 29. Kc3 R8d4 30. a3 Kd6 31. Re3 Ke5 1-0

[Event "Velika Gorica op 5th"]
[Site "Velika Gorica"]
[Date "2005.08.21"]
[Round "2"]
[White "Babic, Bozidar"]
[Black "Brumen, Dinko"]
[Result "1/2-1/2"]
[WhiteElo "2011"]
[BlackElo "2384"]
[PlyCount "106"]
[EventDate "2005.08.20"]
[EventType "swiss"]
[EventRounds "9"]
[EventCountry "CRO"]
[SourceTitle "CBM 108 Extra"]
[Source "ChessBase"]
[SourceDate "2005.11.04"]
[SourceVersion "1"]
[SourceVersionDate "2005.11.04"]
[SourceQuality "1"]

1. e4 e6 2. d4 d5 3. exd5 exd5 4. Bd3 Nc6 5. c3 Bd6 6. Nf3 Bg4 7. Be3 Nf6 8. Nbd2 0-0 9. 0-0 Re8 10. Qc2 Bh5 11. Bg5 Bg6 12. Rfe1 Be7 13. h3 Nh5 14. Bxe7 Rxe7 15. Rxe7 Nxe7 16. g3 Qd6 17. Re1 Nxg3 18. fxg3 Qxg3+ 19. Kf1 Qxh3+ 20. Kf2 Bxd3 21. Qxd3 Ng6 22. Re3 Rd8 23. Qb5 Qc8 24. Ne5 c6 25. Qf1 Nxe5 26. Rxe5 f6 27. Re7 Kf8 28. Qe2 Qf5+ 29. Nf3 g5 30. Kg2 Rd7 31. Re8+ Kf7 32. Nh2 Kg7 33. a4 Rf7 34. a5 Qg6 35. Nf1 g4 36. Ng3 h5 37. Qe6 Qc2+ 38. Kg1 Qc1+ 39. Kg2 Qxb2+ 40. Kg1 Qc1+ 41. Kg2 Qd2+ 42. Ne2 Qd3 43. Qc8 Qh7 44. Nf4 Qc2+ 45. Re2 Qxc3 46. Nxh5+ Kh6 47. Qxg4 Qd3 48. Ng3 Qg6 49. Qh4+ Kg7 50. Re8 Rf8 51. Re7+ Rf7 52. Re8 Rf8 53. Re7+ Rf7 1/2-1/2

[Event "Velika Gorica op 3rd"]
[Site "Velika Gorica"]
[Date "2003.??.??"]
[Round "3"]
[White "Babic, Bozidar"]
[Black "Rosandic, Denis"]
[Result "1-0"]
[WhiteElo "1994"]
[BlackElo "2287"]
[PlyCount "92"]
[EventDate "2003.08.??"]
[EventType "swiss"]
[EventRounds "9"]
[EventCountry "CRO"]
[SourceTitle "EXT 2005"]
[Source "ChessBase"]
[SourceDate "2004.11.15"]
[SourceVersion "1"]
[SourceVersionDate "2004.11.15"]
[SourceQuality "1"]

1. Nf3 d5 2. d4 Nf6 3. e3 c6 4. c4 e6 5. a3 Nbd7 6. Nc3 Bd6 7. Bd3 0-0 8. 0-0 Qe7 9. e4 dxe4 10. Nxe4 Nxe4 11. Bxe4 e5 12. dxe5 Nxe5 13. Re1 Nxf3+ 14. Bxf3 Qf6 15. Be3 Be5 16. Bc5 Re8 17. Bd4 Bf5 18. Bxe5 Rxe5 19. Rxe5 Qxe5 20. Qb3 Re8 21. h3 Qc7 22. Rd1 h6 23. Qa4 a6 24. c5 Kh7 25. g4 Be6 26. Qd4 Qe7 27. b4 Kg8 28. Qd6 Qf6 29. Bg2 h5 30. gxh5 Qg5 31. Kh2 Qxh5 32. Rd3 Qh4 33. Qg3 Qf6 34. Qf3 Qb2 35. Qg3 a5 36. Qf4 axb4 37. axb4 Ra8 38. Qd4 Qb1 39. Be4 Bd5 40. Ra3 Bxe4 41. Rxa8+ Kh7 42. Ra1 Qc2 43. Re1 f5 44. Rg1 Qb3 45. Qd8 Bd5 46. Qh4+ Kg8 1-0

[Event "Velika Gorica op 3rd"]
[Site "Velika Gorica"]
[Date "2003.??.??"]
[Round "4"]
[White "Bozinovic, Bogdan"]
[Black "Babic, Bozidar"]
[Result "1-0"]
[WhiteElo "2240"]
[BlackElo "1994"]
[PlyCount "61"]
[EventDate "2003.08.??"]
[EventType "swiss"]
[EventRounds "9"]
[EventCountry "CRO"]
[SourceTitle "EXT 2005"]
[Source "ChessBase"]
[SourceDate "2004.11.15"]
[SourceVersion "1"]
[SourceVersionDate "2004.11.15"]
[SourceQuality "1"]

1. d4 d5 2. c4 e6 3. Nc3 c5 4. cxd5 exd5 5. Nf3 Nc6 6. g3 Be6 7. Bg2 h6 8. 0-0 Nf6 9. Be3 Ng4 10. Bf4 g5 11. Bc1 Be7 12. h3 Nf6 13. Be3 b6 14. Rc1 0-0 15. Na4 c4 16. Nc3 a6 17. h4 Ng4 18. Qd2 f6 19. Nh2 Nxh2 20. Kxh2 gxh4 21. Bxh6 Rf7 22. g4 Rh7 23. Bf4 h3 24. Bf3 Qd7 25. Rg1 Kh8 26. Rg3 Rg8 27. Rcg1 Rg5 28. e4 dxe4 29. Bxe4 f5 30. Bxc6 Qd8 31. Be5+ 1-0

[Event "Velika Gorica op 3rd"]
[Site "Velika Gorica"]
[Date "2003.??.??"]
[Round "2"]
[White "Pandurevic, Miro"]
[Black "Babic, Bozidar"]
[Result "1-0"]
[WhiteElo "2259"]
[BlackElo "1994"]
[PlyCount "93"]
[EventDate "2003.08.??"]
[EventType "swiss"]
[EventRounds "9"]
[EventCountry "CRO"]
[SourceTitle "EXT 2005"]
[Source "ChessBase"]
[SourceDate "2004.11.15"]
[SourceVersion "1"]
[SourceVersionDate "2004.11.15"]
[SourceQuality "1"]

1. Nf3 d5 2. c4 d4 3. e3 dxe3 4. fxe3 Bg4 5. Be2 Nf6 6. d4 e6 7. 0-0 Be7 8. Nc3 0-0 9. e4 c5 10. d5 exd5 11. cxd5 Bxf3 12. Bxf3 Bd6 13. Kh1 h6 14. Be3 Nbd7 15. Qd2 Nh7 16. Bf4 Qb8 17. g3 a6 18. a4 b6 19. Rf2 g5 20. Bxd6 Qxd6 21. Be2 Ne5 22. Raf1 Kg7 23. Nd1 Qg6 24. Rf5 Rfe8 25. Qc3 f6 26. a5 Nd7 27. axb6 Rxe4 28. b7 Rb8 29. Bxa6 Rd4 30. Ne3 g4 31. Nc2 Rxd5 32. Ne3 Rd6 33. Bd3 Qe8 34. Nc4 Rd4 35. R5f4 Rxf4 36. Rxf4 Ng5 37. Bf5 Nb6 38. Bxg4 Nd5 39. Nd6 Qd8 40. Qxc5 Nxf4 41. gxf4 Nf7 42. Nf5+ Kh8 43. Bf3 Qd7 44. b4 Ne5 45. Be4 Nf7 46. Qg1 Nd8 47. Qg6 1-0